DROUGHT MANAGEMENT (Record no. 216255)

MARC details
000 -LEADER
fixed length control field 00414nam a22001577a 4500
008 - FIXED-LENGTH DATA ELEMENTS--GENERAL INFORMATION
fixed length control field 251121b |||||||| |||| 00| 0 eng d
020 ## - INTERNATIONAL STANDARD BOOK NUMBER
International Standard Book Number 979-8-88715-381-0
100 ## - MAIN ENTRY--PERSONAL NAME
Personal name ANDERSON, MARTIN
245 ## - TITLE STATEMENT
Title DROUGHT MANAGEMENT
260 ## - PUBLICATION, DISTRIBUTION, ETC.
Place of publication, distribution, etc. DUBLIN
Name of publisher, distributor, etc. ORYSON PRESS
Date of publication, distribution, etc. 2024
300 ## - PHYSICAL DESCRIPTION
Extent VI, 291P.
500 ## - GENERAL NOTE
General note INCLUDES INDEX
650 ## - SUBJECT ADDED ENTRY
Topical term or geographic name entry element 1.DROUGHTS 2. DROUGHT MANAGEMENT
942 ## - ADDED ENTRY ELEMENTS (KOHA)
Source of classification or shelving scheme Library of Congress Classification
Koha item type Long Loan Book
Holdings
Withdrawn status Lost status Source of classification or shelving scheme Damaged status Not for loan Collection Home library Current library Shelving location Date acquired Inventory number Total checkouts Full call number Barcode Date last seen Copy number Price effective from Koha item type
    Library of Congress Classification     Science & Technology Kisii University Library Kisii University Library On Display 11/21/2025 110011   S 494.5 .D76A53 2024 000000002048 11/21/2025 C.1 11/21/2025 Long Loan Book
    Library of Congress Classification     Science & Technology Kisii University Library Kisii University Library On Display 11/21/2025 110012   S 494.5 .D76A53 2024 000000002047 11/21/2025 C.2 11/21/2025 Long Loan Book
    Library of Congress Classification     Science & Technology Kisii University Library Kisii University Library On Display 11/21/2025 110013   S 494.5 .D76A53 2024 000000002046 11/21/2025 C.3 11/21/2025 Long Loan Book
    Library of Congress Classification     Science & Technology Kisii University Library Kisii University Library On Display 11/21/2025 110014   S 494.5 .D76A53 2024 000000002045 11/21/2025 C.4 11/21/2025 Long Loan Book